| 000 | 00415nam a2200157Ia 4500 | ||
|---|---|---|---|
| 008 | 230312s9999||||xx |||||||||||||| ||und|| | ||
| 020 | _a978-81-7758-878 | ||
| 082 |
_a004.6 _bKUR-C |
||
| 100 | _aKurose James ,F. | ||
| 245 | 0 | _aComputer Networking | |
| 260 |
_bPearson Education _aNew Delhi _c2005 |
||
| 300 | _a813 | ||
| 546 | _aEng. | ||
| 650 |
_aComputer _vWhat is Internet ? Network Core , Summary |
||
| 942 | _cBK | ||
| 999 |
_c3487 _d3487 |
||